00341nam a2200109Ia 4500008004100000020002200041041001200063100004600075245005700121260003200178650002100210231221s9999 xx 000 0 und d a978-1-84800-094-0 aEnglish aMax Bramer, Frans Coenen, Miltos Petridis 0aResearch and Development in Intelligent Systems XXIV c2008bSpringer USaNew York aComputer Science